Pays à 2 syllabes (par ordre alphabétique de A à C) - Statistiques

Statistiques générales
  • Ce quiz a été pris 59 fois
  • Le résultat moyen est 7 sur 15
Statistiques - réponses
Hint Réponse % Correct
C Cuba
65%
B Bhoutan
59%
C Chili
57%
A Andorre
56%
B Belgique
54%
B Brésil
48%
B Bahreïn
44%
B Bélize
43%
B Brunei
43%
A Autriche
39%
B Barbade
37%
C Comores
35%
C Congo
35%
C Cambodge
31%
C Cap-Vert
26%
Aucun quiz correspondant
Distribution des résultats
% des personnes avec chaque résultat
Percentile par nombre de réponses
Votre historique - résultats
Vous n’avez pas pris ce quiz